The noble scholar, jurist, historian


 His Excellency Dr. Abdul Wahhab bin Ibrahim Abu Sulaiman, may Allah have mercy on him.


 He was born in Umm Al-Qura in the year 1356 AH.

جامع الآثار القولية والفعلية الصحيحة لأمير المؤمنين عمر بن الخطاب رضي الله عنه : (Record no. 3504)

MARC details
000 -LEADER
fixed length control field 01414cam a22003011i 4500
003 - CONTROL NUMBER IDENTIFIER
control field SA_RiAUC
005 - DATE AND TIME OF LATEST TRANSACTION
control field 20241215055442.0
008 - FIXED-LENGTH DATA ELEMENTS--GENERAL INFORMATION
fixed length control field 241212s2008____su g b 000 0bara c
020 ## - INTERNATIONAL STANDARD BOOK NUMBER
International Standard Book Number 9960520811
040 ## - CATALOGING SOURCE
Original cataloging agency SA-MaBBL
Language of cataloging ara
Transcribing agency SA-RiAUC
Description conventions rda
082 04 - DEWEY DECIMAL CLASSIFICATION NUMBER
Classification number 239.9
090 ## - LOCALLY ASSIGNED LC-TYPE CALL NUMBER (OCLC); LOCAL CALL NUMBER (RLIN)
Classification number (OCLC) (R) ; Classification number, CALL (RLIN) (NR) 239.9
Local cutter number (OCLC) ; Book number/undivided call number, CALL (RLIN) ح م ا
100 1# - MAIN ENTRY--PERSONAL NAME
Personal name حماد، عاطف بن عبد الوهاب
Relator term مؤلف.
245 10 - TITLE STATEMENT
Title جامع الآثار القولية والفعلية الصحيحة لأمير المؤمنين عمر بن الخطاب رضي الله عنه :
Remainder of title أكثر من ألف أثر صحيح عن حياة عمر بن الخطاب رضي الله عنه /
Statement of responsibility, etc. عاطف بن عبد الوهاب حماد.
250 ## - EDITION STATEMENT
Edition statement الطبعة الأولى.
264 #1 - PRODUCTION, PUBLICATION, DISTRIBUTION, MANUFACTURE, AND COPYRIGHT NOTICE
Place of production, publication, distribution, manufacture الرياض :
Name of producer, publisher, distributor, manufacturer دار الفضيلة،
Date of production, publication, distribution, manufacture, or copyright notice 2008
300 ## - PHYSICAL DESCRIPTION
Extent 440 صفحة ؛
Dimensions 24 سم
336 ## - CONTENT TYPE
Content type term نص
Content type code txt
Source rdacontent
Materials specified كتاب
337 ## - MEDIA TYPE
Media type term بدون وسيط
Media type code n
Source rdamedia
338 ## - CARRIER TYPE
Carrier type term مجلد
Carrier type code nc
Source rdacarrier
504 ## - BIBLIOGRAPHY, ETC. NOTE
Bibliography, etc. note ببليوجرافية : صفحة 421-425.
600 07 - SUBJECT ADDED ENTRY--PERSONAL NAME
Personal name عمر بن الخطاب بن نفيل القرشي،
Dates associated with a name 40 قبل الهجرة-23 هجري
Source of heading or term aucnm
650 #7 - SUBJECT ADDED ENTRY--TOPICAL TERM
Topical term or geographic name entry element الصحابة والتابعون
Form subdivision تراجم
Source of heading or term aucsh
856 ## - ELECTRONIC LOCATION AND ACCESS
Uniform Resource Identifier <a href="http://saaid.net/book/20/13299.pdf">http://saaid.net/book/20/13299.pdf</a>
Link text Digital Copy
856 ## - ELECTRONIC LOCATION AND ACCESS
Uniform Resource Identifier <a href="http://saaid.net/book/open.php?cat=3&book=12925">http://saaid.net/book/open.php?cat=3&book=12925</a>
Link text External Link
942 ## - ADDED ENTRY ELEMENTS (KOHA)
Source of classification or shelving scheme Dewey Decimal Classification
Koha item type Books
Suppress in OPAC No
949 ## - LOCAL PROCESSING INFORMATION (OCLC)
a SA-JeALM
d 241212
u mohamedma123
n 1
Holdings
Withdrawn status Lost status Source of classification or shelving scheme Damaged status Not for loan Home library Current library Date acquired Total checkouts Full call number Barcode Date last seen Price effective from Koha item type
    Dewey Decimal Classification     DR AbdElwahab Library DR AbdElwahab Library 12/15/2024   239.9 ح م ا 000005148 12/15/2024 12/15/2024 Books
    Dewey Decimal Classification     DR AbdElwahab Library DR AbdElwahab Library 09/22/2025   239.9 ح م ا 000019273 09/22/2025 09/22/2025 Books